| 000 | 00427pab a2200169 454500 | ||
|---|---|---|---|
| 008 | 180718b1999 xxu||||| |||| 00| 0 eng d | ||
| 100 | _aRowthorn, Robert | ||
| 245 | _aUnemployment, wage bargaining and capital labour substitution | ||
| 260 | _c1999 | ||
| 300 | _ap.413-25 | ||
| 362 | _aJul | ||
| 650 | _aLabour | ||
| 650 | _aWages | ||
| 650 | _aUnemployment | ||
| 773 | _aCambridge Journal of Economics | ||
| 909 | _a41925 | ||
| 999 |
_c41925 _d41925 |
||